000 00327nam a22001337a 4500
020 _a97881731944436
040 _cNust
082 _a514
_bPAL
100 _aN. Planiappan
_9124914
245 _aFuzzy Topology
260 _aNew Delhi:
_bNarosa Publishing House,
_c2002.
650 _aFuzzy Topology
_967224
942 _2ddc
_cBK
999 _c610682
_d610682